Słodkie jedzenie z nadzieniem. - Statystyki

Ogólne statystyki
  • Ten quiz został rozwiązany 67 razy
  • Średni wynik to 2 z 7
Statystyki odpowiedzi
Odpowiedź % Poprawnych
Pączek
88%
Naleśniki
24%
Czekolada
20%
Cukierki
18%
Rurki
18%
Jagodzianka
16%
Rogaliki
12%
Nie znaleziono quizów pasujących do podanych kryteriów
Rozkład punktacji
Procent ludzi z każdym wynikiem
Percentyl według liczby udzielonych odpowiedzi
Twoja historia wyników
Nie rozwiązałeś tego quizu